[Event "Ruhrgebiet Verbandsliga Gruppe 2 1516"]
[Site "Germany"]
[Date "2015.12.20"]
[Round "5.4"]
[White "Krueger, Erich"]
[Black "Siebert, Martin"]
[Result "1-0"]
[WhiteElo "2051"]
[BlackElo "1973"]
[PlyCount "91"]
[EventDate "2015.09.06"]
[EventType "team-tourn"]
[EventRounds "9"]
[EventCountry "GER"]
[SourceTitle "EXT 2022"]
[Source "ChessBase"]
[SourceDate "2021.10.06"]
[SourceVersion "1"]
[SourceVersionDate "2021.10.06"]
[SourceQuality "1"]
[WhiteTeam "Katernberg SF III"]
[BlackTeam "Brackel SF II"]
[WhiteTeamCountry "GER"]
[BlackTeamCountry "GER"]

1. d4 f5 2. Nf3 Nf6 3. g3 g6 4. Bg2 Bg7 5. 0-0 0-0 6. c4 d6 7. d5 Qe8 8. Nc3 a5 9. Rb1 Na6 10. a3 Bd7 11. b4 axb4 12. axb4 c6 13. dxc6 bxc6 14. b5 Nc5 15. Nd4 Nfe4 16. Nxe4 Nxe4 17. Bb2 cxb5 18. cxb5 Rb8 19. Qc2 e5 20. Nc6 Rb6 21. Rfc1 Qf7 22. Ba3 Rc8 23. Bxe4 fxe4 24. Bxd6 Bxc6 25. bxc6 Rcxc6 26. Qxc6 Rxc6 27. Rb8+ Bf8 28. Rxc6 Qd5 29. Rxf8+ Kg7 30. Rc7+ Kh6 31. Rd8 Qd1+ 32. Kg2 Qxe2 33. Bf8+ Kg5 34. Rxh7 e3 35. Bh6+ Kf5 36. Bxe3 Qc2 37. Rf7+ Ke6 38. Rdf8 Kd5 39. h4 Qe4+ 40. Kh2 Kc4 41. Rd7 Qc6 42. Rfd8 e4 43. Rd1 Kb3 44. Rb1+ Ka2 45. Rb6 Qa4 46. Rb7 1-0

[Event "Ruhrgebiet Verbandsliga Gruppe 2 1516"]
[Site "Germany"]
[Date "2015.11.08"]
[Round "3.4"]
[White "Siebert, Martin"]
[Black "Riese, Manfred"]
[Result "1/2-1/2"]
[WhiteElo "1973"]
[BlackElo "1819"]
[PlyCount "118"]
[EventDate "2015.09.06"]
[EventType "team-tourn"]
[EventRounds "9"]
[EventCountry "GER"]
[SourceTitle "EXT 2022"]
[Source "ChessBase"]
[SourceDate "2021.10.06"]
[SourceVersion "1"]
[SourceVersionDate "2021.10.06"]
[SourceQuality "1"]
[WhiteTeam "Brackel SF II"]
[BlackTeam "Muelheim SC"]
[WhiteTeamCountry "GER"]
[BlackTeamCountry "GER"]

1. e4 d6 2. d4 Nf6 3. Bd3 c6 4. f4 g6 5. Nf3 Bg7 6. 0-0 0-0 7. c3 a5 8. h3 Na6 9. Be3 b5 10. Qd2 c5 11. dxc5 Nxc5 12. Bxc5 dxc5 13. e5 Nh5 14. Qe3 Ng3 15. Rd1 Bf5 16. Nh4 c4 17. Bc2 Qc8 18. Na3 Bxc2 19. Nxc2 Nf5 20. Nxf5 Qxf5 21. Nd4 Qd7 22. Rd2 Qb7 23. Rad1 Rad8 24. Qf3 Qxf3 25. Nxf3 Rxd2 26. Rxd2 Rb8 27. Nd4 Rd8 28. Kf2 f6 29. exf6 Bxf6 30. Ke3 b4 31. Nc6 Rc8 32. Ne5 g5 33. g3 bxc3 34. bxc3 Rc5 35. Kd4 Rc8 36. Ke4 gxf4 37. gxf4 a4 38. Rd4 Kg7 39. Kd5 a3 40. Ke6 Rb8 41. Rxc4 Rb2 42. Ng4 Re2+ 43. Kd5 Rxa2 44. Nxf6 Kxf6 45. Ra4 Rd2+ 46. Ke4 a2 47. Ra6+ Kf7 48. c4 h5 49. Ke3 Rh2 50. Kd4 Rxh3 51. Rxa2 Rh1 52. Rc2 Rd1+ 53. Ke4 Re1+ 54. Kf5 Ke8 55. Rd2 h4 56. Kg4 Re4 57. Rc2 h3 58. Kf3 h2 59. Rxh2 Rxc4 1/2-1/2

[Event "Ruhrgebiet Regionalliga 1516"]
[Site "Germany"]
[Date "2015.09.13"]
[Round "1.8"]
[White "Friedrich, Patrick"]
[Black "Siebert, Martin"]
[Result "0-1"]
[WhiteElo "1906"]
[BlackElo "1973"]
[PlyCount "78"]
[EventDate "2015.09.13"]
[EventType "team-tourn"]
[EventRounds "9"]
[EventCountry "GER"]
[SourceTitle "EXT 2022"]
[Source "ChessBase"]
[SourceDate "2021.10.06"]
[SourceVersion "1"]
[SourceVersionDate "2021.10.06"]
[SourceQuality "1"]
[WhiteTeam "Borbeck Weisse Dame"]
[BlackTeam "Brackel SF"]
[WhiteTeamCountry "GER"]
[BlackTeamCountry "GER"]

1. Nf3 g6 2. d4 Bg7 3. c4 f5 4. b3 Nf6 5. Bb2 0-0 6. g3 d6 7. Bg2 c6 8. 0-0 Qc7 9. d5 e5 10. dxe6 Bxe6 11. Nbd2 a5 12. Ng5 Bc8 13. h4 Na6 14. e3 h6 15. Nh3 Be6 16. Nf4 Bf7 17. Nf3 Rfe8 18. Qe2 Nc5 19. Rac1 Nce4 20. Nd2 Rad8 21. Nxe4 Nxe4 22. Bxg7 Kxg7 23. Qb2+ Kh7 24. Bh3 Qe7 25. h5 Qe5 26. hxg6+ Bxg6 27. Qe2 Rg8 28. Kg2 Bf7 29. Rh1 d5 30. cxd5 Bxd5 31. Nxd5 Rxd5 32. Qh5 Rxg3+ 33. Kf1 Rg6 34. Rd1 Qb2 35. Rh2 Nd2+ 36. Ke1 Rg1+ 37. Ke2 Nf1+ 38. Kf3 Nxh2+ 39. Kf4 Qe5# 0-1